Aircraft propulsion powerplants /

Bibliographic Details
Main Author: Cargnino, Lawrence T.
Other Authors: Karvinen, Clifford Homer, 1914-
Format: Book
Language:English
Published: Saint Louis : Educational Publishers, [1950]
Edition:1st ed.
Subjects:

MARC

Tag First Indicator Second Indicator Subfields
LEADER 00000cam a2200000 4500
001 in00000046642
005 20151007073324.0
008 750325s1950 moua 00010 eng u
010 |a  51001754  
035 |a (OCoLC)01237075 
035 |9 AAE9517AM 
040 |c SMI  |d TXA  |d UtOrBLW 
049 |a TXAM  |c [202322] 
050 0 0 |a TL701  |b .C32 
082 0 |a 629.13435 
092 |a 629.13435  |b C276a 
100 1 |a Cargnino, Lawrence T. 
245 1 0 |a Aircraft propulsion powerplants /  |c by Lawrence T. Cargnino and Clifford H. Karvinen. 
250 |a 1st ed. 
264 1 |a Saint Louis :  |b Educational Publishers,  |c [1950] 
264 4 |c [©1950] 
300 |a vii, 591 pages :  |b illustrations ;  |c 26 cm. 
336 |a text  |b txt  |2 rdacontent 
337 |a unmediated  |b n  |2 rdamedia 
338 |a volume  |b nc  |2 rdacarrier 
650 0 |a Airplanes  |x Motors. 
700 1 |a Karvinen, Clifford Homer,  |d 1914- 
999 |a MARS 
999 f f |s 40f1b17b-64d7-3c5d-badf-afe013eaada5  |i c15a49ec-fabf-315a-b998-6126b2fa2a1b  |t 0 
952 f f |p ric  |a Texas A&M University  |b Rellis Campus  |c Joint Library Facility  |d Remote Storage  |t 0  |e TL701 .C32  |h Library of Congress classification  |i unmediated -- volume  |m A14801049486 
998 f f |a TL701 .C32  |t 0  |l Remote Storage